Introductory statistics for the behavioral sciences / (Record no. 193593)
[ view plain ]
| 000 -LEADER | |
|---|---|
| fixed length control field | 01486 a2200241 4500 |
| 003 - CONTROL NUMBER IDENTIFIER | |
| control field | Nust |
| 005 - DATE AND TIME OF LATEST TRANSACTION | |
| control field | 20230710111014.0 |
| 010 ## - LIBRARY OF CONGRESS CONTROL NUMBER | |
| LC control number | 76049552 |
| 020 ## - INTERNATIONAL STANDARD BOOK NUMBER | |
| International Standard Book Number | 0030896770 |
| 040 ## - CATALOGING SOURCE | |
| Transcribing agency | Nust |
| 082 00 - DEWEY DECIMAL CLASSIFICATION NUMBER | |
| Classification number | 519.5,YOU |
| 100 1# - MAIN ENTRY--PERSONAL NAME | |
| Personal name | Young, Robert K. |
| 9 (RLIN) | 113472 |
| 245 10 - TITLE STATEMENT | |
| Title | Introductory statistics for the behavioral sciences / |
| Statement of responsibility, etc. | Robert K. Young, Donald J. Veldman. |
| 250 ## - EDITION STATEMENT | |
| Edition statement | 3d ed. |
| 260 ## - PUBLICATION, DISTRIBUTION, ETC. | |
| Place of publication, distribution, etc. | New York : |
| Name of publisher, distributor, etc. | Holt, Rinehart and Winston, |
| Date of publication, distribution, etc. | c1977. |
| 300 ## - PHYSICAL DESCRIPTION | |
| Extent | xii, 594 p. : |
| Other physical details | ill. ; |
| Dimensions | 25 cm. |
| 505 ## - FORMATTED CONTENTS NOTE | |
| Formatted contents note | Introduction (Page-1), Distributions and Graphs Program (Page-9), Notation Single Summation Program (Page-26), Measures of Central Tendency Program (Page-45), Measures of Variability’s Program (Page-92), Standers Scores (Page-120), Foundations of Statistical Inference Program (Page-127), The Normal Distributions (Page-164), The Standard Error of the Mean Program (Page-203), The Distribution (Page-238), The F Test Comparison of Variances (Page-264), Notations Multiple Summation (Page-295), The T Test Analysis of Variance and the Comparison of Means (Page-315), Double Classification Analysis of Variance (Page-355), Chi Square (Page-387), Correlation (Page-413), Selections the Right Inferential Method (Page-449), Recent Trends in Statistics (Page-481). |
| 650 #0 - SUBJECT ADDED ENTRY--TOPICAL TERM | |
| Topical term or geographic name entry element | Behavioral sciences |
| General subdivision | Programmed texts. |
| 9 (RLIN) | 113473 |
| 650 #0 - SUBJECT ADDED ENTRY--TOPICAL TERM | |
| Topical term or geographic name entry element | Statistics |
| General subdivision | Programmed texts. |
| 9 (RLIN) | 113474 |
| 650 #0 - SUBJECT ADDED ENTRY--TOPICAL TERM | |
| Topical term or geographic name entry element | Statistics. |
| 9 (RLIN) | 69 |
| 700 1# - ADDED ENTRY--PERSONAL NAME | |
| Personal name | Veldman, Donald J., |
| 9 (RLIN) | 113475 |
| 942 ## - ADDED ENTRY ELEMENTS (KOHA) | |
| Source of classification or shelving scheme | |
| Koha item type | Book Bank |
| Withdrawn status | Lost status | Source of classification or shelving scheme | Damaged status | Not for loan | Permanent Location | Current Location | Shelving location | Date acquired | Full call number | Barcode | Date last seen | Price effective from | Koha item type | Public note |
|---|---|---|---|---|---|---|---|---|---|---|---|---|---|---|
| Military College of Signals (MCS) | Military College of Signals (MCS) | General Stacks | 12/12/2016 | 519.5,YOU | MCS5229 | 12/08/2016 | 12/12/2016 | Book | Almirah No.77, Shelf No.1 |
